01429cam a22003255a 4500999001700000001000900017005001700026008004100043010001700084020003700101020003400138035002400172035002100196040006400217082002000281245006000301250001200361260007400373300002500447504005100472520024200523650003600765651001000801653002200811655001700833700002700850856008200877942000800959952013600967 c27303d272741510237820190326101501.0071204s2008 enk frb 001 0 eng d a 2007049634 a9780415441438 (hbk : alk. paper) a0415441439 (hbk : alk. paper) a(OCoLC)ocn182857140 a(OCoLC)182857140 aDLCbengcDLCdYDXdBAKERdBTCTAdYDXCPdBWKdDLCdEG-ScBUE04a070.43bINV22200aInvestigative journalism /cHugo de Burgh ... [et al.]. a2nd ed. aAbingdon, Oxon. ;aNew York :bRoutledge / Taylor and Francis,c2008. axi, 402 p. ;c24 cm. aIncludes bibliographical references and index. aThis introduction to investigative journalism explains how investigative journalism should be understood within the framework of the mass media, how it relates to the legal system, the place of ethics, and the influence of technologies.  7aInvestigative reporting.2BUEsh 2BUEsh bCOMAMEcMarch2019 vReading book1 aBurgh, Hugo de,d1949-413Table of contents onlyuhttp://www.loc.gov/catdir/toc/ecip086/2007049634.html 2ddc 00102ddc40708BaccahaMAINbMAINcLOWd2019-03-26ePurchaseg1350.00l0o070.43 INVp000044482r2025-07-15 00:00:00v1687.50yBB